=LDR 00000nam 2200000 4500 =001 INLIS000000000051887 =005 20240221074150 =035 ##$$a 0010-0118000075 =007 ta =008 240221################g##########0#ind## =020 ##$$a 979 - 007 - 285 - 6 =082 ##$$a 340.076 =084 ##$$a 340.076 ZAI m =100 #$$a Zainuddin Ali =245 1#$$a Metode penelitian hukum /$c Prof. Dr. H. Zainuddin Ali, M.A.editor, Leny Wulandari =250 ##$$a Cet.8 =260 ##$$a Jakarta :$b Sinar Grafika,$c 2016 =300 ##$$a xi,231 hlm. : $b ilus ; $c 23 cm. =650 #4$$a Hukum - Penelitian =504 ##$$a Bibliografi ; hlm. 205 - 209 =990 ##$$a 21004666 =990 ##$$a 2100466714 =990 ##$$a 21004664 =990 ##$$a 21004665 =990 ##$$a 21706035 =990 ##$$a 21706033 =990 ##$$a 21706032 =990 ##$$a 21706031 =990 ##$$a 1201712835 =990 ##$$a 21706034 =990 ##$$a 21004666 =990 ##$$a 2100466714 =990 ##$$a 21004664 =990 ##$$a 21004665 =990 ##$$a 21706035 =990 ##$$a 21706033 =990 ##$$a 21706032 =990 ##$$a 21706031 =990 ##$$a 1201712835 =990 ##$$a 1201712835 =990 ##$$a 21004666 =990 ##$$a 2100466714 =990 ##$$a 21004664 =990 ##$$a 21004665 =990 ##$$a 21706035 =990 ##$$a 21706034 =990 ##$$a 21706033 =990 ##$$a 21706032 =990 ##$$a 21706031 =990 ##$$a 21706031 =990 ##$$a 21004666 =990 ##$$a 2100466714 =990 ##$$a 21004664 =990 ##$$a 21004665 =990 ##$$a 21706035 =990 ##$$a 21706034 =990 ##$$a 21706033 =990 ##$$a 21706032 =990 ##$$a 1201712835 =990 ##$$a 21706032 =990 ##$$a 21004666 =990 ##$$a 2100466714 =990 ##$$a 21004664 =990 ##$$a 21004665 =990 ##$$a 21706035 =990 ##$$a 21706034 =990 ##$$a 21706033 =990 ##$$a 21706031 =990 ##$$a 1201712835 =990 ##$$a 21706033 =990 ##$$a 21004666 =990 ##$$a 2100466714 =990 ##$$a 21004664 =990 ##$$a 21004665 =990 ##$$a 21706035 =990 ##$$a 21706034 =990 ##$$a 21706032 =990 ##$$a 21706031 =990 ##$$a 1201712835 =990 ##$$a 21706034 =990 ##$$a 21004666 =990 ##$$a 2100466714 =990 ##$$a 21004664 =990 ##$$a 21004665 =990 ##$$a 21706035 =990 ##$$a 21706033 =990 ##$$a 21706032 =990 ##$$a 21706031 =990 ##$$a 1201712835 =990 ##$$a 21706035 =990 ##$$a 21004666 =990 ##$$a 2100466714 =990 ##$$a 21004664 =990 ##$$a 21004665 =990 ##$$a 21706034 =990 ##$$a 21706033 =990 ##$$a 21706032 =990 ##$$a 21706031 =990 ##$$a 1201712835